| 000 | 00398nam a2200169Ia 4500 | ||
|---|---|---|---|
| 005 | 20251020182531.0 | ||
| 008 | 200515s9999 xx 000 0 und d | ||
| 082 | _a699.88:624.04/O77-C/4 | ||
| 100 | _aOSHIRO HIGA, Fernando | ||
| 245 | 0 | _aCálculo antisísmico | |
| 260 | _aLima | ||
| 260 | _c1977 | ||
| 500 | _a1 ejemplar | ||
| 650 | _aDISEÑO SISMORESISTENTE | ||
| 650 | _aLIB | ||
| 942 | _cLIB | ||
| 999 |
_c2067 _d2067 |
||